000 01880nim a2200349 i 4500
001 197405
003 ES-MaACL
005 20250828062643.0
007 ss lsnjlcipnne
008 060525s1990 sp nnnn |||| 00| spa d
040 _bspa
_cES-MaACL
100 1 _aGarcía Velarde, Manuel
_eaut
_955382
245 0 0 _aSolitones, ondas solitarias, tsunami...
_h[Grabación sonora] :
_bciclo de conferencias Fronteras de la ciencia /
_cpor Manuel García Velarde
260 _aMadrid :
_bAteneo de Madrid,
_c1991
300 _a1 casete (ca. 90 min) :
_bson. ;
_c11 cm
490 1 _3Actos culturales en el Ateneo de Madrid
518 _aGrabado el 26 de noviembre de 1991 en el Salón de Actos del Ateneo de Madrid.
520 _aEn la conferencia "Solitones, ondas solitarias, tsunami..." del ciclo Fronteras de la ciencia, Manuel García Velarde explicó fenómenos físicos como las ondas, las olas superficiales y los tsunamis, destacando su importancia científica y su ausencia en la enseñanza media y universitaria. También abordó cómo se generan estos fenómenos, qué los diferencia y su impacto en la naturaleza y en la historia, relacionándolos en algunos casos con interpretaciones antiguas o mitológicas, como el paso de Moisés o la destrucción minoica.
540 _aDocumento inédito
594 _5Datos basados en la invitación.
610 2 0 _aAteneo de Madrid-
_xActos culturales-
_y1991-
_vGrabaciones sonoras
_9240452
650 7 _aCiencia
_2embne
_910929
653 _aArchivo de la palabra
655 0 _aConferencias
_9234444
710 _aAteneo de Madrid
_ehis
_bSección de Ciencias y Tecnología
_9240606
710 2 _aADAE
_espn
_9240229
830 0 _aActos culturales en el Ateneo de Madrid
_9240237
852 _aES-MaACL
_cDEPOZ
_9205772
942 _2udc
_n0
_cCINTASAUD
999 _c197405
_d197405